Statystyki dla Zwycięscy Ligi Mistrzów 1980-2023

Kliknij tutaj aby rozwiązać quiz!

Ogólne statystyki

  • Ten quiz został rozwiązany 18 razy
  • Średni wynik to 35 z 43

Statystyki odpowiedzi

DataKlub% Poprawnych
2021chelsea
100%
1981liverpool
100%
2019liverpool
100%
1984liverpool
100%
2005liverpool
100%
2023manchester city
100%
2008manchester united
100%
1999manchester united
100%
1998real madryt
100%
2000real madryt
100%
2022real madryt
100%
2002real madryt
100%
2018real madryt
100%
2014real madryt
100%
2016real madryt
100%
2017real madryt
100%
2020bayern monachium
94%
2013bayern monachium
94%
2001bayern monachium
94%
2011fc barcelona
94%
2009fc barcelona
94%
2006fc barcelona
94%
1992fc barcelona
94%
2015fc barcelona
94%
2010Inter
88%
1985juventus
88%
1996juventus
88%
1994ac milan
82%
2003ac milan
82%
1990ac milan
82%
1989ac milan
82%
2007ac milan
82%
1987fc porto
82%
2004fc porto
82%
1997borussia dortmund
76%
1995ajax
65%
1980nottingham forest
35%
1993olympique marsylia
35%
1982aston villa
29%
1988psv
29%
1986steaua bukareszt
24%
1983hamburg sv
6%
2012cheslea
0%

Rozkład punktacji

Percentyl według liczby udzielonych odpowiedzi

Procent ludzi z każdym wynikiem

Twoja historia wyników

Nie rozwiązałeś tego quizu